Представление документа в формате MARC21

Поле Инд. ПП Название Значение
Тип записи a
Библиографический уровень m
001 Контрольный номер RU/IS/BASE/213791869
005 Дата корректировки 20210122142257.8
020 00 a ISBN 5-86185-289-8
c Цена, тираж 159-87
084 a Индекс другой классификации/Индекс ББК 60.99+60.56я7
090 00 a Полочн. индекс 60.9
x Авторский знак Р 32
100 10 a Автор Ревенко Н. В.
245 00 a Заглавие Семья как объект социальной работы
b Продолж. заглавия учеб. пособие
c Ответственность М-во сел. хоз-ва РФ ; Федер. агентство по рыболовству ; Мурман. гос. техн. ун-т
260 00 a Место издания Мурманск
b Издательство Изд-во МГТУ
c Дата издания 2006
300 00 a Объем 118 с.
650 _4 a Основная рубрика Социальная работа-Учебные издания; Семья-Социология-Учебные издания
653 00 a Ключевые слова Семьеведение
a Ключевые слова Семья
a Ключевые слова Семья нуклеарная
a Ключевые слова Работа социальная
a Ключевые слова Социальные проблемы
901 t Тип документа m
952 b Гриф литературы для ВШ Допущено Ученым советом МГТУ
c Вид литературы учебное пособие
990 00 f Даты поступлений (DOS) 05.06